Top 10 Players In NBA History Quiz - Statistics

General Stats
  • This quiz has been taken 1,766 times
  • The average score is 6 of 10
Answer Stats
Rank Answer % Correct
1 Michael Jordan
98%
3 LeBron James
77%
6 Larry Bird
72%
2 Kareem-Abdul Jabbar
67%
9 Shaquille O'Neal
61%
4 Magic Johnson
59%
5 Wilt Chamberlain
54%
7 Bill Russell
52%
8 Tim Duncan
52%
10 Hakeem Olajuwon
28%
No matching quizzes found
Score Distribution
Percent of People with Each Score
Percentile by Number Answered
Your Score History
You have not taken this quiz